000
00230 a2200097 4500
001
52006
100
_a
Ikram Azam
245
_a
Pakistan's Strategy for Survival
260
_a
Rawalpindi
_b
London Book Co.
_c
090
_c
32813
_d
32813
942
_a
NUST-CAE
_c
M
_c
25351
999
_c
287079
_d
287079